00741nam a2200181Ia 4500008004100000020001800041041000800059082001600067100001400083245013200097260001600229300000800245365001600253700001400269906004800283999001900331952020900350230718s9999 xx 000 0 und d a9781786469878 aeng a006.31bBON aBonnin R. aMachine Learning For DevelopersbUplift Your Regular Applications With The Power Of Statistics, Analytics, And Machine Learning c2017bPackt a250 cRs.b799.00 aBonnin R. dO:0611514-Sep-2018B:TI/201800260cTITb2397 c348472d348472 00104070aCCEPbCCEPd2018-09-14eGIST - Global Information Systems TechnologyfTITg559.30iTI/201800260l1o006.31pCCEP-BK-59679r2025-12-30 15:00:46s2025-07-14t2397v799.00w2023-07-18yBKz059679